00279nam a22000977a 4500040000900000082001800009100002600027245008000053260003700133300001100170 cNust a891.4113bSHA aProf. Muhammad Yousaf aShah Abdul Latif BhitaibMessenger of Cosmic Consciousness cMuhammad Yusuf a Larkana:bCadet College,c2009. aExtent